00526nam a2200109Ia 4500008004100000100002600041245021400067260002600281300001800307650001200325856007900337160712s9999 xx 000 0 und d aMagdalita, pablito M. cPablito M. Magdalita,aInfluence of Changing Rainfall Patterns on the Yield of Rambutan (Nephelium lappaceum L.) and Selection of Genotypes in Known Drought-tolerant Fruit Species for Climate Change Adaptation c2015bScience Diliman avol. 27 no. 1 xSCIENCE uhttp://journals.upd.edu.ph/index.php/sciencediliman/issue/view/480/showToc